01107cam a22002651 4500001001300000003000400013005001700017008004100034010001700075035002000092040001800112042001200130050002400142100002900166245009200195260004800287300003500335440005400370500012600424500016600550650002600716650003800742700004400780999001700824l 35000024 DLC20260227111535.0931014s1935 dcua f000 0 eng  al 35000024  a(OCoLC)29014404 aDLCcOrUdDLC apremarc00aHD6093b.A3 no. 1221 aPidgeon, Mary Elizabeth.10aVariations in wage rates under corresponding conditions,cby Mary Elizabeth Pidgeon ... aWashington,bU.S. Govt. print. off.,c1935. av, 57 p. incl. tables.c23 cm. 0aBulletin (United States. Women's Bureau)vno. 122 aAt head of title: United States Department of labor. Frances Perkins, secretary. Women's bureau. Mary Anderson, director. a"Statistical tables that formed the basis of the tabular material used in the text were prepared by Arcadia Near Phillips, statistician."--Letter of transmittal. 0aWageszUnited States. 0aWomenxEmploymentzUnited States.1 aPhillips, Arcadia Dowdellq(Near)cMrs. c36151d36151